000 00533nam a2200181Ia 4500
003 IN-BaIIA
008 211028s9999 xx 000 0 eng d
040 _cIIA Library
080 _a52
_bFRI
100 _aFriedman, Herbert
_99924
245 4 _aThe Amazing Universe
_cHernert Friedman
260 _aWashington
_bNational Geographic Society
_c1975
300 _a199p.
650 _aAstronomy
_980
650 _aAstronomy and Astrophysics Thesaurus
650 _aUniverse
_91987
942 _cBK
999 _c5943
_d5943